| 000 | 00339nam a22001457a 4500 | ||
|---|---|---|---|
| 003 | MACL | ||
| 005 | 20171228170711.0 | ||
| 008 | 171228b xxu||||| |||| 00| 0 eng d | ||
| 040 | _cMACL | ||
| 100 |
_aJha, V N _968988 |
||
| 245 | _aReligion in India | ||
| 260 |
_adelhi _bnoni books _c2016 |
||
| 650 |
_areligion _969846 |
||
| 942 |
_2ddc _cBK |
||
| 999 |
_c57237 _d57237 |
||